Max Jiménez.

সংরক্ষণ করুন:
গ্রন্থ-পঞ্জীর বিবরন
প্রধান লেখক: Chase Brenes, Alfonso 1945-
অন্যান্য লেখক: Jiménez, Max
বিন্যাস: গ্রন্থ
ভাষা:Spanish
প্রকাশিত: San José, Costa Rica: Ministerio de Cultura, Juventud y Deportes, Departamento de Publicaciones, 1973.
মালা:Serie Quién fué y qué hizo? ; no. 9
বিষয়গুলি:
ট্যাগগুলো: ট্যাগ যুক্ত করুন
কোনো ট্যাগ নেই, প্রথমজন হিসাবে ট্যাগ করুন!

MARC

LEADER 00000cam a2200000 4500
001 955001
005 20150629103631.0
008 740225s1973 xx 000 0 spa u
040 |c OSU  |d m.c.  |d OCL  |d RQO  |d CIICLA 
082 |a CR863.4B  |b J61ch 
090 |a PQ7489.J5  |b Z4 
100 1 |a Chase Brenes, Alfonso  |d 1945- 
245 1 0 |a Max Jiménez.  |c Presentado por Alfonso Chase. 
260 |a San José, Costa Rica:  |b Ministerio de Cultura, Juventud y Deportes, Departamento de Publicaciones,  |c 1973. 
300 |a 114 páginas:  |b ilustraciones, retrato 
490 1 |a Serie Quién fué y qué hizo? ;  |v no. 9 
504 |a Bibliografía: páginas 113-114. 
600 1 0 |a Jiménez, Max. 
700 1 |a Jiménez, Max 
942 |2 ddc  |c BK 
999 |c 4335  |d 4335